000 00475nam a2200169Ia 4500
003 0100
008 130303s9999 xx 000 0 und d
040 _cARRUPELIB
050 _aB5305.S31977
100 _aLe Departement de Philosophie et Religions Africaines
245 _aLa Philosophie Africaine actes de la 1ere Semaine Philosophique de Kinshasa
260 _aKinshasa
260 _bFaculte de Theologie Catholique
260 _C1977
300 _a175p
942 0 0 _03
999 _c28209
_d28209